000 00700nam a2200277Ia 4500
003 OSt
005 20221006144105.0
006 a|||||r|||| 00| 0
007 ta
008 221006b |||||||| |||| 00| 0 eng d
020 _a9780712622691
_c217.30
024 _a10,848
037 _cTextual
040 _aEASL
_cEASL
_beng
041 _2eng
_aeng
082 _aQ4, M8
100 _aCAUSTON Richard
_9650842
245 0 _aNichiren Shoshu Buddhism
_b An Introduction
260 _aLondon
_bRider
_c1988
300 _a294p.
_ccm.
490 _v JEL
650 _a JEL
650 _aMyoho
_9650843
942 _hQ4, M8
_cTEXL
_2CC
999 _c1078934
_d1078934